000 01395nac a22003617a 4500
001 BR8501052
003 BR-BrBNA
005 20240105120243.0
008 230509b bl.|||m| |||| 00| 0 por d
040 _aBR-BrBNA
_bpor
_cBiblioteca Nacional de Agricultura
072 _aH10; H00
090 _a0430 BR8501052
100 1 _aJesus, F.M.M. de
100 1 _aBleicher, E.
100 1 _aCrisostomo, J.R.
100 1 _aLima, E.F.
110 1 _aCentro Nacional de Pesquisa do Algodao, Campina Grande, PB (Brasil)
_91702
245 1 _aManejo integrado das pragas do algodoeiro no Brasil, situacao e perspectivas [Gossypium hirsutum, praga de planta, lagarta das macas, Heliothis spp., acaro, bicudo, Anthonomus grandis, inseticida]
246 1 _aIntegrated control of cotton pests in Brazil, situation and perspectives [Gossypium hirsutum, pest of plant, apple worm, Heliothis spp., acarid, "bicudo", Anthonomus grandis, insecticide]
260 3 _aCampina Grande, PB (Brasil):
_c1984.
300 _a21 p.
490 _aDocumentos - Centro Nacional de Pesquisa do Algodao (Brazil)
_vno. 28
_x
500 _a7 tables; 9 ref.
650 _aPRAGA DE PLANTA
650 _aALGODAO
650 _aLAGARTA
650 _aACARO
650 _aBICUDO
650 _aCONTROLE INTEGRADO
650 _aINSETICIDA
909 _a202312
_bLúcia Elande
_c55
_dLúcia Elande
942 _2AGRIS
_n0
_cMS
999 _c278521
_d278521